00325nam a2200133Ia 4500008004000000041000800040082001100048100002300059245002900082260004300111650001100154650001300165650001300178210210b1959 xxu||||| |||| 00| 0 eng d aeng a825/67 aBEAVER (Harold) Ed aAmerican critical essays aLondonbOxford University Pressc1959 aessays acritical aAmerican